Лазерная прецизионная микрообработка материалов: монография

Detalhes bibliográficos
Autor principal: Григорьянц А. Г. Александр Григорьевич
Outros Autores: Казарян М. А. Мишик Айразатович, Лябин Н. А. Николай Александрович
Resumo:В настоящей монографии вниманию читателей представляется современное состояние фундаментальных исследований и промышленных достижений в области прецизионной лазерной обработки широкого круга металлических, полупроводниковых и диэлектрических материалов. Анализируются возможности микрообработки импульсным наносекундным излучением лазера и лазерных систем на парах меди. Рассмотрены конструкции и принципы действия нового поколения этого класса промышленных лазеров номинальной мощностью излучения 1-20 Вт и мощностью 30-100 Вт, пути повышения их эффективности и надежности, а также созданной на их основе серии современных автоматизированных технологических установок для микрообработки фольговых (0,01-0,2 мм) и тонколистовых (0,2-1,0 мм) материалов, в частности, изделий электронной техники. Представлены различные примеры прецизионных деталей, изготовленных на созданном оборудовании. Монография полезна специалистам, инженерам, студентам и аспирантам, работающим и обучающимся в области лазерной техники и оптики, лазерных и информационных технологий.
Idioma:russo
Publicado em: Москва, Физматлит, 2017
Assuntos:
Formato: Livro
KOHA link:https://koha.lib.tpu.ru/cgi-bin/koha/opac-detail.pl?biblionumber=329548

MARC

LEADER 00000nam0a2200000 4500
001 329548
005 20231102004154.0
010 |a 9785922116992 
035 |a (RuTPU)RU\TPU\book\355308 
090 |a 329548 
100 |a 20170316d2017 k y0rusy50 ca 
101 0 |a rus 
102 |a RU 
105 |a a z 001zy 
200 1 |a Лазерная прецизионная микрообработка материалов  |e монография  |f А. Г. Григорьянц, М. А. Казарян, Н. А. Лябин 
210 |a Москва  |c Физматлит  |d 2017 
215 |a 415 с.  |c ил. 
320 |a Библиогр.: с. 385-414 
320 |a Список сокращений и обозначений: с. 6-7 
330 |a В настоящей монографии вниманию читателей представляется современное состояние фундаментальных исследований и промышленных достижений в области прецизионной лазерной обработки широкого круга металлических, полупроводниковых и диэлектрических материалов. Анализируются возможности микрообработки импульсным наносекундным излучением лазера и лазерных систем на парах меди. Рассмотрены конструкции и принципы действия нового поколения этого класса промышленных лазеров номинальной мощностью излучения 1-20 Вт и мощностью 30-100 Вт, пути повышения их эффективности и надежности, а также созданной на их основе серии современных автоматизированных технологических установок для микрообработки фольговых (0,01-0,2 мм) и тонколистовых (0,2-1,0 мм) материалов, в частности, изделий электронной техники. Представлены различные примеры прецизионных деталей, изготовленных на созданном оборудовании. Монография полезна специалистам, инженерам, студентам и аспирантам, работающим и обучающимся в области лазерной техники и оптики, лазерных и информационных технологий. 
606 1 |a Лазерная обработка металлов  |2 stltpush  |3 (RuTPU)RU\TPU\subj\39797  |9 59706 
610 1 |a металлы 
610 1 |a лазерная прецизионная обработка 
610 1 |a исследования 
610 1 |a микрообработка 
610 1 |a лазеры 
610 1 |a лазерные системы 
610 1 |a импульсное наносекундное излучение 
610 1 |a монографии 
675 |a 621.7.048.7:621.373.826  |v 4 
700 1 |a Григорьянц  |b А. Г.  |g Александр Григорьевич 
701 1 |a Казарян  |b М. А.  |g Мишик Айразатович 
701 1 |a Лябин  |b Н. А.  |g Николай Александрович 
801 1 |a RU  |b 63413507  |c 20170316 
801 2 |a RU  |b 63413507  |c 20190924  |g RCR 
942 |c BK 
959 |a 2/20170120  |d 1  |e 990,00  |f ЧЗТЛ:1